Lajbhari akhiyan mein geet part 1 : (Record no. 43334)

MARC details
000 -LEADER
fixed length control field 01220nim a22002777a 4500
005 - DATE AND TIME OF LATEST TRANSACTION
control field 20100901120720.0
007 - PHYSICAL DESCRIPTION FIXED FIELD--GENERAL INFORMATION
fixed length control field sd ammalaaahaa
008 - FIXED-LENGTH DATA ELEMENTS--GENERAL INFORMATION
fixed length control field 100901t xxu||||| |||| 00| 0 hin d
028 ## - PUBLISHER NUMBER
Publisher number N. 88123
Source His Master's Voice
028 ## - PUBLISHER NUMBER
Publisher number OJW. 2851
Source His Master's Voice
028 ## - PUBLISHER NUMBER
Publisher number OJW. 2879
Source His Master's Voice
035 ## - SYSTEM CONTROL NUMBER
System control number GR-182
040 ## - CATALOGING SOURCE
Original cataloging agency SED/VEN
100 ## - MAIN ENTRY--PERSONAL NAME
Personal name Talat Mahmood
9 (RLIN) 17882
245 ## - TITLE STATEMENT
Title Lajbhari akhiyan mein geet part 1 :
Remainder of title Hindustani /
Statement of responsibility, etc by Talat Mahmood ; music by Khayyam ; lyric by Madhukar Rajasthani
Medium [sound recording] :
246 ## - VARYING FORM OF TITLE
Title proper/short title लाजभरी अखियन में गीत : हिन्दुस्तानी (तलत महमूद )
260 ## - PUBLICATION, DISTRIBUTION, ETC. (IMPRINT)
Place of publication, distribution, etc Dum Dum India
Name of publisher, distributor, etc His Master's Voice
300 ## - PHYSICAL DESCRIPTION
Extent 1 sound disc [Gramophone Record] :
Other physical details analog, 33 1/3 rpm
Dimensions 10 in.
Type of unit Gramophone record
500 ## - GENERAL NOTE
General note Brief Record
505 ## - FORMATTED CONTENTS NOTE
Formatted contents note Kya itna bhi adhikar nahein geet (क्या इतनाभी अधिकार नहीं ) पार्ट 2
650 ## - SUBJECT ADDED ENTRY--TOPICAL TERM
Topical term or geographic name as entry element classical music
General subdivision Excerpts
Geographic subdivision India
9 (RLIN) 17883
700 ## - ADDED ENTRY--PERSONAL NAME
Personal name Khayyam
9 (RLIN) 17884
700 ## - ADDED ENTRY--PERSONAL NAME
Personal name Madhukar Rajasthani
9 (RLIN) 17973
942 ## - ADDED ENTRY ELEMENTS (KOHA)
Source of classification or shelving scheme Dewey Decimal Classification
Item type Gramaphone Records
Holdings
Withdrawn status Lost status Source of classification or shelving scheme Damaged status Not for loan Home library Current library Date acquired Total Checkouts Barcode Date last seen Copy number Price effective from Koha item type
    Dewey Decimal Classification   Not For Loan Central Library Central Library 01/09/2010   GR-182 01/09/2010 1 01/09/2010 Gramaphone Records

© Delhi Public Library
Hit Counter
free hit counter